| 000 | 00670ntaaa2200241 4500 | ||
|---|---|---|---|
| 003 | 01 | ||
| 005 | 20251027203242.0 | ||
| 008 | 0714s1973 ag 01 | ||
| 020 | _a9879403061 | ||
| 040 |
_aAR-BaBN _bspa _cAR-BaBN _eaacr _dRIC |
||
| 082 | _a231.4 B17 | ||
| 082 | _a231.4 B17 (2) | ||
| 100 |
_aBaker, Marcos _933646 |
||
| 245 |
_a¿Dios de ira o Dios de amor? / _cMarcos Baker |
||
| 250 | _a1 ed. | ||
| 260 |
_aBuenos Aires : _bKairos, _c2000 |
||
| 300 |
_a96 p ; _c21 cm |
||
| 500 | _aContiene notas y referencias bibliograficas y preguntas para pensar al final de cada capitulo | ||
| 650 | _aDIOS | ||
| 650 |
_aAMOR _92539 |
||
| 650 |
_aIRA _935092 |
||
| 942 | _cBK | ||
| 999 |
_c27952 _d27952 |
||